000 01155nam a22002897a 4500
999 _c12707
_d12707
003 MIRAKIL
005 20190207105017.0
008 190207b tu ||||| |||| 00| 0 tur d
020 _a9786053994756
040 _aTR-AnCHP
_cTR-AnCHP
041 _atur
082 _a956.101543
_bA35j 2017
100 _aAhmad, Feroz
245 1 0 _aJön Türkler ve Osmanlı'da milletler :
_bErmeniler, Rumlar, Arnavutlar, Yahudiler ve Araplar /
_cFeroz Ahmad ; çeviren: Ayşen Gür
246 _aErmeniler, Rumlar, Arnavutlar, Yahudiler ve Araplar
260 _aİstanbul:
_bİstanbul Bilgi Üniversitesi Yayınları,
_c2017.
300 _a211 s.
_bfotğ.;
_c23 sm.
490 0 _aİstanbul Bilgi Üniversitesi Yayınları,
_aTarih,
_v584.
_v62.
504 _aKaynakça ve dizin vardır.
600 0 _95146
_aİttihat ve Terakki Cemiyeti
650 0 _9924
_aTürkiye
_xSiyaset ve yönetim
_y1909-1918
650 0 _94
_aTürkiye
_xTarih
_xÖzerklik ve bağımsızlık hareketleri
650 0 _9678
_aMilliyetçilik
_xTürkiye
_xTarih
_y20 yy.
700 1 _93000
_aGür, Ayşen
_eçev.
740 _aErmeniler, Rumlar, Arnavutlar, Yahudiler ve Araplar
942 _2ddc
_cBKS